000 00643nam a22002297a 4500
003 UA-OsUOA
001 53845
007 ta
008 20080506b un ||||| |||| 00| 0 ukr d
100 _aКатфонд Дж. К.
090 _a81"25
_bК29
942 _cBK
040 _aUA-OsUOA
_brus
_cUA-OsUOA
_dUA-OsUOA
245 _aЛингвистическая теория перевода
300 _a208 с.
955 _a2
041 _arus
080 _a81"25
260 _aМ.
_c2004
650 7 _a8 Мовознавство. Художня література. Літературознавство
_2UDC
999 _c339936
_d339936